Le miel-Tayc - Statistiques

Statistiques générales
  • Ce quiz a été pris 264 fois
  • Le résultat moyen est 187 sur 233
Statistiques - réponses
Réponse % Correct
le
99%
miel
99%
Elle
98%
elle
98%
ne
98%
couler
97%
Couler
97%
j'ai
97%
l'a
97%
la
97%
97%
me
97%
fait
96%
à
95%
faire
95%
jamais
95%
je
95%
ça
94%
de
94%
J'aimerais
94%
j'aimerais
94%
bon
93%
ma
93%
cherche
92%
Et
92%
et
92%
ken
91%
tout
91%
en
90%
cuit
88%
dans
88%
famille
88%
gâche
88%
lit
88%
long
88%
Mais
88%
mais
88%
parlé
88%
parle
88%
sans
88%
sur
88%
vie
88%
du
87%
87%
j'suis
87%
même
87%
mes
87%
On
87%
si
87%
déjà
86%
devient
86%
dort
86%
effet
86%
Non
86%
non
86%
pas
86%
que
86%
vacances
86%
Aucune
84%
ce
84%
d'la
84%
d'une
84%
j'essaie
84%
loger
84%
phrases
84%
ai
82%
j'lui
81%
allusion
80%
c'est
80%
qu'ça
80%
comme
79%
haine
79%
moindre
79%
es
78%
mieux
78%
façon
76%
apaiser
74%
joue
74%
tu
74%
d'amour
73%
d'ça
73%
Donc
73%
pour
73%
sentiment
73%
Toute
72%
fine
70%
l'acte
69%
n'lui
68%
un
68%
est
67%
Trop
67%
trop
67%
longtemps
66%
des
65%
Kentucky
65%
minuit
65%
oh
64%
consoler
62%
parle-moi
62%
plus
62%
vu
62%
il
61%
toujours
61%
l'or
60%
vaut
60%
yeah
60%
YouPorn
60%
ouais
59%
efforts
58%
faut
58%
fessier
58%
m'la
58%
draps
57%
ton
57%
crédits
56%
consommé
55%
inconsommable
55%
compte
54%
Oui
54%
d'tes
53%
j'attends
53%
premium
53%
tous
53%
souvent
52%
impossible
51%
l'pêché
51%
Pornhub
51%
qu'tu
51%
m'empêcher
50%
clairement
48%
d'jà
47%
vaginalement
46%
qu'j'prenne
45%
dors
43%
ouh
39%
ce-vi
36%
YouJizz
21%
vice
18%
Aucun quiz correspondant
Distribution des résultats
% des personnes avec chaque résultat
Percentile par nombre de réponses
Votre historique - résultats
Vous n’avez pas pris ce quiz